01475nam a2200313Ia 450000500170000000800410001702000190005810000290007724501020010625000390020830000520024749000540029950000590035352003020041265000500071465000550076465000350081965000360085470000250089070000330091594200150094826400490096333600270101233700330103933800280107204000350110008400110113599900150114620220317001111.0160825s2007 mx a g 000 0 spa  a978968165810121 aNaylor, Phyllis Reynolds10aShilohcPhyllips Reynolds Naylor ; ilustrado por Tania Janco ; traducido por Laura Emilia Pacheco a1a. edición b6a. reimpresión  a146 páginas bilustraciones en color c19 cm  aA la orilla del vientoppara los grandes lectores aIncluye datos biográficos del autor y del ilustrador aLa familia de Marty Preston es pobre. Un día, él encuentra un cachorro que ha escapado de su dueño, un hombre que maltrata a los animales, y decide conservarlo y protegerlo. Para ello deberá mentir, y cada mentira le generará un problema mayor. Al final, Marty deberá hacer lo correcto142LEMBaNovela juvenil estadounidenseySiglo XX142LEMBaLiteratura infantil estadounidenseySiglo XX142LEMBaNiños en la literatura142LEMBaMascotas en la literatura1 aJanco, Tania 9164091 aPacheco, Laura Emilia966020 2loccBKLIT aMéxicobFondo de Cultura Económicac2007 atextobtxt2rdacontent asin mediaciónbn2rdamedia avolumenbnc2rdacarrier aCO-BoRNBPbspaerdacCO-BoRNBP aN NAY1 c5927d5927